| 000 | 00632 a2200205 4500 | ||
|---|---|---|---|
| 020 | _a0312397968 | ||
| 020 | _a031239814X | ||
| 040 |
_aDLC _bDLC |
||
| 082 | 0 | 0 | _a808.042 |
| 100 | 1 | _aMangelsdorf, Kate. | |
| 245 | 1 | 0 |
_aChoices: a basic writing guide with readings _ba basic writing guide with readings _cKate Mangelsdorf, Evelyn Posey. |
| 250 | _a3rd ed. | ||
| 260 |
_aBoston : _bBedford/St. Martin's, _cc2003. |
||
| 300 |
_axxxiii, 766 p. : _bill. ; _c24 cm. |
||
| 500 | _aIncludes index. | ||
| 650 | 0 |
_aEnglish language _xRhetoric |
|
| 650 | 0 | _aReport writing | |
| 700 | 1 | _aPosey, Evelyn Riggs. | |
| 942 |
_cBK _k808.042 MAN _2ddc |
||
| 999 |
_c10661 _d10661 |
||